000
00323nam a2200133Ia 4500
008
190216s9999||||xx |||||||||||||| ||und||
100
_a
Sankaran S
245
0
_a
Economic Development Of India
250
_a
6th Ed.
260
_b
Progressive Corporation Pvt Ltd
_c
1972
300
_a
1068
650
_a
Economics
942
_c
BK
999
_c
9324
_d
9324